01611nam a2200313 a 450000100100000000500170001000800410002702000150006804000250008308200210010810000370012924500730016626000390023930000270027849000410030550400270034659000270037360000470040065000600044765100470050783000440055491000370059895201190063595201250075495201340087995201340101395201330114799900170128000002520120240302073950.0110211s2003 dr a 000 0bspa d a9945406019 aDO-SdBNPbspacBNPHU a923.27293bP645c1 aCassá, Roberto, d1948-91088810aPedro Alejandrino Pina :bel patriota incansable /cRoberto Cassá. aSanto Domingo :bTobogán,c2003. a59 p. :bil. ;c22 cm.1 aBiografías dominicanas Tobogán ; aBibliografía : p. 59 aInventariado, 2018/ YL14aPINA, PEDRO ALEJANDRINO,d1820-1870951679 4aPolíticoszRepública DominicanaxBiografías93019 4aRepública DominicanaxBiografías91325 0aBiografías dominicanas Tobogán9769 aValidado. Control de calidad MFF 0010718PDaGRbGRcHDd2011-02-11iLF1l0o923.27293 P645cp25201-10r2020-06-25w2020-06-25yLFPDZNo se presta 0010718PDaGRbGRcHDd2011-03-23iLF1l0o923.27293 P645cp25201-20r2020-06-25te. 2w2020-06-25yLFPDZNo se presta 001054708DSaGRbGRcHDd2011-03-23iLF1l0o923.27293 P645cp25201-30r2020-06-25te. 3w2020-06-25yLFDSZPréstamo en sala 001054708DSaGRbGRcHDd2011-03-28iLF1l0o923.27293 P645cp25201-40r2020-06-25te. 4w2020-06-25yLFDSZPréstamo en sala 001054708DSaGRbGRcHDd2017-04-25iLF1l0o923.27293 P645cp25201-50r2020-06-25te.5w2020-06-25yLFDSZPréstamo en sala c24694d24694